000 01485nam a2200229Ia 4500
003 Ost
005 20260507075614.0
008 260507s9999||||xx |||||||||||||| ||und||
020 _a9789961018743
040 _cfsecg
041 _aara
082 _a330.1221
100 _aخالدي، خديجة
_eمؤلف
245 0 _aنماذج وعمليات البنك الإسلامي /
_c خديجة خالدي
260 _aالجزائر:
_bديوان المطبوعات الجامعية,
_c2016
300 _a333 صفحة؛
_bإيضاحات ؛
_c24 سم
504 _aالمراجع ص.305
520 _aيتناول هذا الكتاب دراسة المبادئ، الأعمال والخصائص التي يتميز بها العمل البنكي الإسلامي وبيان بأنها تؤهله إلى أن يكون نظاما بنكيا أكثر كفاءة وعدالة، ويشمل الأسس النظرية والفكرية للبنوك الإسلامية ومصادر الأموال واستخداماتها في البنوك الاسلامية ، بالاضافة الى الأعمال الإستثمارية للبنوك الاسلامية، والأعمال الإستثمارية التي تعتمد على عقود الضمان، وفي الأخير تحدث عن البنوك الاسلامية: المخاطر والكفاءة.
653 _aالبنوك الاسلامية
700 _aبن حبيب، عبد الرزاق
_eمؤلف ثانوي
942 _cكتاب
999 _c45103
_d45103